Países en la Península de Indochina - Estadísticas

Estadísticas generales
  • Esta prueba ha sido intentada 53 veces
    34 desde el último reinicio
  • La puntuación promedio es 6 de 6
Estadísticas de respuestas
Respuesta % Correcto
Camboya
100%
Laos
100%
Myanmar
100%
Vietnam
100%
Tailandia
97%
Malasia
88%
No se encontraron pruebas coincidentes
Distribución de puntuación
Porcentaje de gente con cada puntuación
Porcentaje por número respondido
Historial de tus puntuaciones
No has intentado esta prueba desde el último reinicio